| 000 | 00629nam a22002057a 4500 | ||
|---|---|---|---|
| 005 | 20170124110137.0 | ||
| 010 | _aA-895456 | ||
| 020 |
_c00.00 _a8170249562 |
||
| 035 | _aA-895456 | ||
| 037 | _bCen Lib/Ret | ||
| 082 |
_a658.4038011 _bNAR |
||
| 100 |
_aNarayan, B. _932511 |
||
| 245 |
_aManagement information system / _cby B. Narayan |
||
| 260 |
_aNew Delhi _bA.P.H. publishing house _c1998 |
||
| 270 |
_bNew Delhi _a5, Anasri road _e110002 |
||
| 300 |
_avi,246p. _c22cm(Hb) |
||
| 650 |
_aManagement information system _99536 |
||
| 650 |
_aOffice automation _932512 |
||
| 942 |
_2ddc _cEN _h658.4038011 _mNAR |
||
| 999 |
_c131699 _d131699 |
||